Gitanos - ¡Muerte súbita! - Estadísticas

Estadísticas generales
  • Esta prueba ha sido intentada 12.045 veces
    11.723 desde el último reinicio
  • La puntuación promedio es 4 de 14
Answers on the Grid
Answers color-coded by a green-red scale on the quiz's grid according to % correct below.
Camarón de la Isla
Lola Flores
Pocholo
El Cigala
Cañita Brava
Lamine Yamal
José Mercé
Mikel Oyarzabal
Pablo Iglesias
Luz Casal
Paco de Lucía
David Bisbal
Toñi Salazar
Isabel Pantoja
Tomatito
Rossy de Palma
Carmen Lomana
Ana Belén
José Antonio Reyes
Jorge Lorenzo
Falete
Federico García Lorca
Dani Güiza
Niña Pastori
Rosalía
Pitingo
Mala Rodríguez
David Silva
Miguel Bosé
David Broncano
Antonio Carmona
Kiko Jiménez
 
Estadísticas de respuestas
Respuesta % Correcto
El Cigala
54%
Lola Flores
46%
Camarón de la Isla
45%
Falete
38%
Pitingo
33%
Antonio Carmona
31%
Isabel Pantoja
31%
Niña Pastori
28%
Tomatito
28%
Toñi Salazar
27%
José Mercé
25%
José Antonio Reyes
20%
Dani Güiza
19%
Mala Rodríguez
14%
No se encontraron pruebas coincidentes
Distribución de puntuación
Porcentaje de gente con cada puntuación
Porcentaje por número respondido
Historial de tus puntuaciones
No has intentado esta prueba desde el último reinicio